000
00336nam a2200145Ia 4500
008
220803s9999 xx 000 0 und d
020
_a
262560615
041
_a
eng
082
_a
712.36 FRA
100
_a
Francis M Ed.
_9
24982
245
_a
Meaning Of Gardens
260
_a
London
_b
MIT Press
_c
1990
300
_a
284p
500
_a
LANDS
999
_c
15858
_d
15858